Statistics for County Seats of Maryland

Click here to take the quiz!

General Stats

  • This quiz has been taken 193 times
  • The average score is 12 of 24

Answer Stats

CountyCounty Seat% Correct
BaltimoreBaltimore
91%
Anne ArundelAnnapolis
84%
FrederickFrederick
84%
MontgomeryRockville
71%
WicomicoSalisbury
68%
WashingtonHagerstown
66%
BaltimoreTowson
64%
AlleganyCumberland
60%
TalbotEaston
53%
HowardEllicott
52%
HarfordBel Air
51%
CarrollWestminster
49%
GarrettOakland
46%
CecilElkton
45%
DorchesterCambridge
43%
CharlesLa Plata
41%
Prince George'sUpper Marlboro
38%
CarolineDenton
35%
WorcesterSnow Hill
35%
KentChestertown
34%
SomersetPrincess Anne
32%
St. Mary'sLeonardtown
27%
CalvertPrince Frederick
25%
Queen Anne'sCentreville
18%

Score Distribution

Percentile by Number Answered

Percent of People with Each Score

Your Score History

You have not taken this quiz